Final Fantasy VII - Membres de la Shinra par images - Statistiques

Statistiques générales
  • Ce quiz a été pris 4 fois
  • Le résultat moyen est 10 sur 11
Statistiques - réponses
Par images Réponse % Correct
Elena
100%
Professeur Hojo
100%
Reno
100%
Rude
100%
Rufus Shinra
100%
Scarlet
100%
Tseng
100%
Heidegger
75%
Palmer
75%
Président Shinra
75%
Reeve
50%
Aucun quiz correspondant
Distribution des résultats
% des personnes avec chaque résultat
Percentile par nombre de réponses
Votre historique - résultats
Vous n’avez pas pris ce quiz